|
|
|
|
| LEADER |
00000cam a2200000 7i4500 |
| 001 |
0000072285 |
| 005 |
20220105105422.0 |
| 008 |
170507 |
| 020 |
|
|
|a 9789670880495 (set)
|
| 020 |
|
|
|a 9789670880501
|
| 090 |
0 |
0 |
|a JF MOR
|b MAL
|
| 100 |
1 |
|
|a Rahayu, Lisdy
|
| 245 |
1 |
4 |
|a Puteri Nasywa
|c Lisdy Rahayu
|
| 260 |
|
|
|a Selangor :
|b Darul mughni trading ,
|c 2017
|
| 300 |
|
|
|a 24p. :
|b col.ill.; ;
|c 23cm.
|
| 490 |
1 |
|
|a Siri kisah 10 puteri
|
| 500 |
|
|
|a Children ages 7-9 years old (orange)
|
| 581 |
8 |
0 |
|a Purchase 2016
|
| 650 |
|
0 |
|a Children's stories, Malaysia
|
| 999 |
|
|
|a 0001450435
|b Book
|c Children Collection
|e Cawangan Bukit Gambir
|
| 999 |
|
|
|a 0001450436
|b Book
|c Children Collection
|e Cawangan Sri Merlong
|
| 999 |
|
|
|a 0001450437
|b Book
|c Teenagers
|e Cawangan Bandar Tenggara
|
| 999 |
|
|
|a 0001450438
|b Book
|c Children Collection
|e Cawangan Batu Pahat
|
| 999 |
|
|
|a 0001450439
|b Book
|c Children Collection
|e Cawangan Taman Universiti
|
| 999 |
|
|
|a 0001450440
|b Book
|c Children Collection
|e Cawangan Taman Universiti
|
| 999 |
|
|
|a 0001450441
|b Book
|c Children Collection
|e Cawangan Taman Universiti
|
| 999 |
|
|
|a 0001450442
|b Book
|c Children Collection
|e Cawangan Taman Universiti
|
| 999 |
|
|
|a 0001450443
|b Book
|c Children Collection
|e Cawangan Kota Tinggi
|
| 999 |
|
|
|a 0001450444
|b Book
|c Children Collection
|e Cawangan Pontian
|
| 999 |
|
|
|a 0001450445
|b Book
|c Children Collection
|e Cawangan Segamat
|
| 999 |
|
|
|a 0001450446
|b Book
|c Children Collection
|e Cawangan Taman Sri Lambak
|
| 999 |
|
|
|a 0001450447
|b Book
|c Children Collection
|e Cawangan Tmn. Ungku Tun Aminah
|
| 999 |
|
|
|a 0001450448
|b Book
|c Children Collection
|e Cawangan Muar
|
| 999 |
|
|
|a 0001450450
|b Book
|c Children Collection
|e Cawangan Bandar Penawar
|
| 999 |
|
|
|a 0001450451
|b Book
|c Children Collection
|e Cawangan Mersing
|
| 999 |
|
|
|a 0001450499
|b Book
|c Children Collection
|e Cawangan Tangkak
|
| 999 |
|
|
|a 0001453686
|b Book
|c Children Collection
|e Perbadanan Perpustakaan Awam Johor
|
| 999 |
|
|
|a 0001453687
|b Book
|c Children Collection
|e Perbadanan Perpustakaan Awam Johor
|
| 999 |
|
|
|a 0001453688
|b Book
|c Children Collection
|e Cawangan AEON Kulaijaya
|
| 999 |
|
|
|a 0001453689
|b Book
|c Children Collection
|e Cawangan Urban Transformation Centre
|